| 000 | 00363 a2200157 4500 | ||
|---|---|---|---|
| 001 | 71748 | ||
| 020 | _a8526705644 | ||
| 040 | _cAnchieta - Colégio São Paulo | ||
| 100 | _aLópez, Francesc | ||
| 240 | 1 | 0 |
_aA ratinha orgulhosa _lpor |
| 245 | 1 | 0 | _aA ratinha orgulhosa |
| 300 | _a[12p.] | ||
| 362 | 0 | _a1993 | |
| 650 | 4 | _aLiteratura infanto-juvenil | |
| 942 | _cBK | ||
| 999 |
_c71748 _d71748 |
||